Emotion, disclosure & health / (Record no. 1733)
[ view plain ]
| 000 -LEADER | |
|---|---|
| fixed length control field | 04602cam a2200781 i 4500 |
| 003 - CONTROL NUMBER IDENTIFIER | |
| control field | ALUPE UNIVERSITY |
| 005 - DATE AND TIME OF LATEST TRANSACTION | |
| control field | 20210630053717.0 |
| 008 - FIXED-LENGTH DATA ELEMENTS--GENERAL INFORMATION | |
| fixed length control field | 950418s1995 dcua ob 001 0 eng d |
| 020 ## - INTERNATIONAL STANDARD BOOK NUMBER | |
| International Standard Book Number | 1557989435 |
| 020 ## - INTERNATIONAL STANDARD BOOK NUMBER | |
| International Standard Book Number | 9781557989437 |
| 020 ## - INTERNATIONAL STANDARD BOOK NUMBER | |
| Canceled/invalid ISBN | 1557983089 |
| 020 ## - INTERNATIONAL STANDARD BOOK NUMBER | |
| Canceled/invalid ISBN | 9781557983084 |
| 039 ## - LEVEL OF BIBLIOGRAPHIC CONTROL AND CODING DETAIL [OBSOLETE] | |
| Level of rules in bibliographic description | exclude |
| 040 ## - CATALOGING SOURCE | |
| Transcribing agency | ALUPE UNIVERSITY |
| 050 #4 - LIBRARY OF CONGRESS CALL NUMBER | |
| Classification number | RC455.4.E46 |
| Item number | E46 1995 |
| 090 ## - LOCALLY ASSIGNED LC-TYPE CALL NUMBER (OCLC); LOCAL CALL NUMBER (RLIN) | |
| Classification number (OCLC) (R) ; Classification number, CALL (RLIN) (NR) | Internet Access |
| Local cutter number (OCLC) ; Book number/undivided call number, CALL (RLIN) | AEGMCT |
| 090 ## - LOCALLY ASSIGNED LC-TYPE CALL NUMBER (OCLC); LOCAL CALL NUMBER (RLIN) | |
| Classification number (OCLC) (R) ; Classification number, CALL (RLIN) (NR) | Internet Access |
| Local cutter number (OCLC) ; Book number/undivided call number, CALL (RLIN) | AEU |
| 090 ## - LOCALLY ASSIGNED LC-TYPE CALL NUMBER (OCLC); LOCAL CALL NUMBER (RLIN) | |
| Classification number (OCLC) (R) ; Classification number, CALL (RLIN) (NR) | Internet Access |
| Local cutter number (OCLC) ; Book number/undivided call number, CALL (RLIN) | AEC |
| 245 00 - TITLE STATEMENT | |
| Title | Emotion, disclosure & health / |
| Statement of responsibility, etc. | James W. Pennebaker, editor. |
| 260 ## - PUBLICATION, DISTRIBUTION, ETC. | |
| Place of publication, distribution, etc. | Washington, DC : |
| Name of publisher, distributor, etc. | American Psychological Association, |
| Date of publication, distribution, etc. | ©1995. |
| 300 ## - PHYSICAL DESCRIPTION | |
| Extent | 1 online resource (xiv, 337 pages) : |
| Other physical details | illustrations |
| 336 ## - CONTENT TYPE | |
| Content type term | text |
| Content type code | txt |
| Source | rdacontent |
| 337 ## - MEDIA TYPE | |
| Media type term | computer |
| Media type code | c |
| Source | rdamedia |
| 338 ## - CARRIER TYPE | |
| Carrier type term | online resource |
| Carrier type code | cr |
| Source | rdacarrier |
| 504 ## - BIBLIOGRAPHY, ETC. NOTE | |
| Bibliography, etc. note | Includes bibliographical references and index. |
| 506 ## - RESTRICTIONS ON ACCESS NOTE | |
| Terms governing access | Access restricted to authorized users and institutions. |
| 588 0# - SOURCE OF DESCRIPTION NOTE | |
| Source of description note | Print version record. |
| 650 #0 - SUBJECT ADDED ENTRY--TOPICAL TERM | |
| Topical term or geographic name entry element | Emotions |
| General subdivision | Health aspects. |
| 650 #0 - SUBJECT ADDED ENTRY--TOPICAL TERM | |
| Topical term or geographic name entry element | Mental health. |
| 650 #0 - SUBJECT ADDED ENTRY--TOPICAL TERM | |
| Topical term or geographic name entry element | Self-disclosure. |
| 650 #7 - SUBJECT ADDED ENTRY--TOPICAL TERM | |
| Topical term or geographic name entry element | Emotions |
| General subdivision | Health aspects. |
| Source of heading or term | fast |
| Authority record control number or standard number | (OCoLC)fst00908825 |
| 650 #7 - SUBJECT ADDED ENTRY--TOPICAL TERM | |
| Topical term or geographic name entry element | Mental health. |
| Source of heading or term | fast |
| Authority record control number or standard number | (OCoLC)fst01016339 |
| 650 #7 - SUBJECT ADDED ENTRY--TOPICAL TERM | |
| Topical term or geographic name entry element | Self-disclosure. |
| Source of heading or term | fast |
| Authority record control number or standard number | (OCoLC)fst01111620 |
| 650 12 - SUBJECT ADDED ENTRY--TOPICAL TERM | |
| Topical term or geographic name entry element | Mental Health. |
| 650 #2 - SUBJECT ADDED ENTRY--TOPICAL TERM | |
| Topical term or geographic name entry element | Self Concept. |
| 650 #2 - SUBJECT ADDED ENTRY--TOPICAL TERM | |
| Topical term or geographic name entry element | Health. |
| 650 #2 - SUBJECT ADDED ENTRY--TOPICAL TERM | |
| Topical term or geographic name entry element | Psychological Phenomena and Processes. |
| 650 #2 - SUBJECT ADDED ENTRY--TOPICAL TERM | |
| Topical term or geographic name entry element | Behavior and Behavior Mechanisms. |
| 650 #2 - SUBJECT ADDED ENTRY--TOPICAL TERM | |
| Topical term or geographic name entry element | Psychiatry and Psychology. |
| 650 #2 - SUBJECT ADDED ENTRY--TOPICAL TERM | |
| Topical term or geographic name entry element | Personality Development. |
| 650 #2 - SUBJECT ADDED ENTRY--TOPICAL TERM | |
| Topical term or geographic name entry element | Population Characteristics. |
| 650 #2 - SUBJECT ADDED ENTRY--TOPICAL TERM | |
| Topical term or geographic name entry element | Delivery of Health Care. |
| 650 #2 - SUBJECT ADDED ENTRY--TOPICAL TERM | |
| Topical term or geographic name entry element | Personality. |
| 650 22 - SUBJECT ADDED ENTRY--TOPICAL TERM | |
| Topical term or geographic name entry element | Emotions. |
| 650 22 - SUBJECT ADDED ENTRY--TOPICAL TERM | |
| Topical term or geographic name entry element | Self Disclosure. |
| 650 #6 - SUBJECT ADDED ENTRY--TOPICAL TERM | |
| Topical term or geographic name entry element | Émotions. |
| 650 #6 - SUBJECT ADDED ENTRY--TOPICAL TERM | |
| Topical term or geographic name entry element | Santé mentale. |
| 650 #6 - SUBJECT ADDED ENTRY--TOPICAL TERM | |
| Topical term or geographic name entry element | Révélation de soi. |
| 700 1# - ADDED ENTRY--PERSONAL NAME | |
| Personal name | Pennebaker, James W. |
| 776 08 - ADDITIONAL PHYSICAL FORM ENTRY | |
| Relationship information | Print version: |
| Title | Emotion, disclosure & health. |
| Place, publisher, and date of publication | Washington, DC : American Psychological Association, ©1995 |
| Record control number | (DLC) 95016989 |
| 856 40 - ELECTRONIC LOCATION AND ACCESS | |
| Uniform Resource Identifier | https://search.ebscohost.com/direct.asp?db=pzh&jid=199598769&scope=site |
| 856 40 - ELECTRONIC LOCATION AND ACCESS | |
| Uniform Resource Identifier | https://ovidsp.ovid.com/ovidweb.cgi?T=JS&NEWS=n&CSC=Y&PAGE=toc&D=psbk&SEARCH=1995-98769.dd&ID=&PASSWORD= |
| 856 40 - ELECTRONIC LOCATION AND ACCESS | |
| Uniform Resource Identifier | https://search.ebscohost.com/direct.asp?db=pzh&jid=199598769&scope=site |
| 942 ## - ADDED ENTRY ELEMENTS (KOHA) | |
| Source of classification or shelving scheme | |
| Koha item type | Book |
| Suppress in OPAC | PW |
| 949 ## - LOCAL PROCESSING INFORMATION (OCLC) | |
| h | UAIN |
| z | PSYCBOOKS |
| 949 ## - LOCAL PROCESSING INFORMATION (OCLC) | |
| h | UAIN |
| m | GR_MAC_INT |
| z | PSYCBKSGM |
| 949 ## - LOCAL PROCESSING INFORMATION (OCLC) | |
| h | UAIN |
| m | CONCORD_IN |
| z | PSYCBKSCON |
| Withdrawn status | Lost status | Source of classification or shelving scheme | Damaged status | Not for loan | Permanent Location | Current Location | Shelving location | Date acquired | Total Checkouts | Full call number | Barcode | Date last seen | Price effective from | Koha item type | Public note |
|---|---|---|---|---|---|---|---|---|---|---|---|---|---|---|---|
| AU LIBRARY | AU LIBRARY | Open Shelf | 30.06.2021 | RC455.4.E46 E46 1995 | 28000518 | 30.06.2021 | 30.06.2021 | Book | PW |